Một số công cụ hỗ trợ tự động hóa phân loại và biên mục tài liệu /

Сохранить в:
Библиографические подробности
Главный автор: Đinh Thúy Quỳnh.
Формат: Статья
Язык:Vietnamese
Предметы:
Метки: Добавить метку
Нет меток, Требуется 1-ая метка записи!
Thư viện lưu trữ: Thư viện Trường Đại học Đà Lạt
LEADER 00819nam a2200265 4500
001 DLU180182827
005 ##20180104
040 # # |a DLU  |b vie 
041 # # |a vie 
044 # # |a vn 
100 # # |a Đinh Thúy Quỳnh.  
245 # # |a Một số công cụ hỗ trợ tự động hóa phân loại và biên mục tài liệu /  |c Đinh Thúy Quỳnh. 
653 # # |a Biên mục 
653 # # |a Công cụ tra cứu 
653 # # |a Phân loại tài liệu 
653 # # |a Tự động hóa 
773 # # |t Thông tin và tư liệu  |g Số 4, 2016, tr. 31-37 
920 # # |a Phòng Tạp chí -- Trung tâm Thông tin - Thư viện Trường Đại học Đà Lạt 
900 # # |a True 
911 # # |a Nguyễn Thị Thu Phương 
925 # # |a G 
926 # # |a A 
927 # # |a BB 
980 # # |a Thư viện Trường Đại học Đà Lạt